| 000 | 00599nam a22002057a 4500 | ||
|---|---|---|---|
| 003 | OSt | ||
| 005 | 20160205124843.0 | ||
| 008 | 160205b xxu||||| |||| 00| 0 eng d | ||
| 020 | _a0131968718 | ||
| 040 | _cDDC. | ||
| 082 | _a658ROB2005 | ||
| 100 |
_aRobbins P.Stevens;DeCenzo,A.Steven; _96710 |
||
| 245 |
_aFundamentals of Management; _bEssential Concepts and Applications. |
||
| 250 | _a5th ed. | ||
| 260 |
_aUpper saddle River. _bPrentice Hall. _c2005 |
||
| 300 |
_axxvii,547p; _bill; _c30cm |
||
| 504 | _aincludes notes,appendix and index. | ||
| 650 |
_aManagement. _9364 |
||
| 942 |
_2ddc _cSLOAN |
||
| 999 |
_c2970 _d2970 |
||